Justice for the common man, (Record no. 65965)

MARC details
000 -LEADER
fixed length control field 00893cam a22002891 4500
001 - CONTROL NUMBER
control field sa 65008948
003 - CONTROL NUMBER IDENTIFIER
control field DLC
005 - DATE AND TIME OF LATEST TRANSACTION
control field 20260227112159.0
008 - FIXED-LENGTH DATA ELEMENTS--GENERAL INFORMATION
fixed length control field 850827r19671964ii c 000 0 eng
010 ## - LIBRARY OF CONGRESS CONTROL NUMBER
LC control number sa 65008948
025 ## - OVERSEAS ACQUISITION NUMBER
Overseas acquisition number PL480:I-E-3959
035 ## - SYSTEM CONTROL NUMBER
System control number (OCoLC)12429829
040 ## - CATALOGING SOURCE
Original cataloging agency DLC
Transcribing agency KyU
Modifying agency DLC
042 ## - AUTHENTICATION CODE
Authentication code premarc
050 00 - LIBRARY OF CONGRESS CALL NUMBER
Classification number KNS3411
Item number .S46 1964
100 1# - MAIN ENTRY--PERSONAL NAME
Personal name Sen, Asoke Kumar.
245 10 - TITLE STATEMENT
Title Justice for the common man,
Statement of responsibility, etc. by A.K. Sen, M.C. Setalvad [and] G.S. Pathak. With an introd. by M. Hidayatullah.
250 ## - EDITION STATEMENT
Edition statement [1964 ed.]
260 ## - PUBLICATION, DISTRIBUTION, ETC.
Place of publication, distribution, etc. Lucknow,
Name of publisher, distributor, etc. Eastern Book Co.
Date of publication, distribution, etc. [1964]
300 ## - PHYSICAL DESCRIPTION
Extent v, 92 p.
Other physical details ports.
Dimensions 19 cm.
440 #0 - SERIES STATEMENT/ADDED ENTRY--TITLE
Title [Lajpat Rai memorial lectures]
Volume/sequential designation 1963
500 ## - GENERAL NOTE
General note "1964 ed.; reprint 1967".
650 #0 - SUBJECT ADDED ENTRY--TOPICAL TERM
Topical term or geographic name entry element Justice.
650 #0 - SUBJECT ADDED ENTRY--TOPICAL TERM
Topical term or geographic name entry element Justice, Administration of
Geographic subdivision India.
700 1# - ADDED ENTRY--PERSONAL NAME
Personal name Setalvad, Motilal Chimanlal.
700 1# - ADDED ENTRY--PERSONAL NAME
Personal name Pathak, G. S.,
Dates associated with a name 1896-

No items available.

Powered by Koha